00000000nas 2200000zi 4500
0019.944368
003CaOODSP
00520250410150859
006m     o  d f      
007cr cn ||||||||
008241022d19671967oncar p o    f0    0fre|d
040 |aCaOODSP|bfre|erda|cCaOODSP
0410 |aeng|afre
043 |an-cn---
0861 |aNR1-1-PDF
1102 |aConseil national de recherches du Canada.|eauteur, |eorganisme de publication.
24510|a... annual report of the National Research Council of Canada.
24615|aRapport annuel du Conseil national de recherches du Canada
24614|aAnnual report
24614|aRapport annuel
264 1|aOttawa : |bBureau des relations extérieures, Conseil national de recherches du Canada, |c[1967]
310 |aAnnuel
336 |atexte|btxt|2rdacontent/fre
337 |ainformatique|bc|2rdamedia/fre
338 |aressource en ligne|bcr|2rdacarrier/fre
3621 |aParaît depuis : 50ième (1966/1967); ne paraît plus après : 50ième (1966/1967).
546 |aTexte en anglais et en français.
588 |aDescription d'après : 50ième (1966/1967); titre de la page de titre du fichier PDF.
588 |aDernière livraison consultée : 50ième (1966/1967).
61026|aConseil national de recherches du Canada|vPériodiques.
650 6|aRecherche|zCanada|vPériodiques.
650 6|aRecherche industrielle|zCanada|vPériodiques.
655 7|aPériodiques|2rvmgf
78000|tReport / |w(CaOODSP)9.944309
78500|tRapport du Président / |w(CaOODSP)9.944908
788 |t... annual report of the National Research Council of Canada.|eeng|w(CaOODSP)9.944369